00858nam a22002417a 450000500170000001000130001702000260003003500130005603700160006904000120008508200150009710000330011224500710014526000440021627000580026030000230031850000510034165000260039265000290041894200240044799900190047195201260049020170124105959.0 aB-092682 a9788172111373c400.00 aB-092682 bCen Lib/Ret aDPLbEN a363.8bJHA aJha, Mrityunjay Mohan915361 aFood security :cby Mrityunjay Mohan Jha bdynamics & dimensions / aNew Delhi bNorthern Book Centre c2003 a4221/1, dariya ganj, ansari road bNew Delhi e110002 ax, 158p.c21cm(Hb) aIncludes bibliographical references and index  aFood security 915362 aPopulation growth915363 2ddccENh363.8mJHA c125743d125743 00104070aLbLd2015-06-23eCen Lib/Retg400.00l0o363.8 JHApB-092682r2015-06-23 00:00:00t1v400.00w2015-06-23yEN